| 000 | 00644nam a2200193 i 4500 | ||
|---|---|---|---|
| 001 | 172590 | ||
| 003 | ES-MaACL | ||
| 005 | 20250607063030.0 | ||
| 008 | 090723s1969 fr |||| | fre d | ||
| 080 | _a613.88 | ||
| 100 | 1 |
_aGuérin, Daniel, _d1904-1988 _9240796 |
|
| 245 | 1 | 0 |
_aEssai sur la révolution sexuelle _b: après Reich et Kinsey / _cDaniel Guérin. |
| 260 |
_aParis : _bPierre Belfond, _c1969. |
||
| 300 |
_a247, [2] p. ; _c18 cm. |
||
| 600 | 1 | 4 |
_aKinsey, Alfred C. _968082 |
| 650 | 4 |
_aSexualidad. _917078 |
|
| 852 | 4 |
_aES-MaACL _jE-12863 _9R.139447 _z. - Biblioteca Jacinto Martínez Lacalle |
|
| 999 |
_c172590 _d172590 |
||